000 00317nam a2200109Ia 4500
008 200302s9999 xx 000 0 und d
100 _aGrant W Reid
245 _aLandscape Graphics- Plan,Section,And perspective Drawing of Landscape Spaces
260 _bWhitney Library Of Design
260 _c2002
300 _a208 P.,
999 _c4370
_d4370